Pays avec des magasins IKEA - Statistiques

Statistiques générales
  • Ce quiz a été pris 138 fois
  • Le résultat moyen est 43 sur 59
Statistiques - réponses
Date Premier emplacement Pays % Correct
1981 Bobigny France
99%
1980 Las Palmas Espagne
95%
1958 Älmhult Suède
95%
1974 Eching Allemagne
94%
1998 Shanghai Chine
93%
1963 Slependen Norvège
91%
1985 Plymouth Meeting États-Unis
90%
1974 Nagoya Japon
90%
1990 Varsovie Pologne
90%
2020 Kiev Ukraine
90%
1996 Espoo Finlande
89%
2016 Casablanca Maroc
89%
2005 Istanbul Turquie
89%
2013 Le Caire Égypte
88%
1987 Chesire Royaume-Uni
86%
1981 Reykjavik Islande
85%
2014 Zagreb Croatie
84%
1990 Budapest Hongrie
84%
1969 Ballerup Danemark
83%
2013 Vilnius Lituanie
82%
1973 Spreitenbach Suisse
82%
2019 Tallinn Estonie
80%
1978 Sliedrecht Pays-Bas
80%
2004 Alfragide Portugal
80%
2011 Sofia Bulgarie
79%
1991 Dubaï Émirats Arabes Unis
79%
2001 Thessalonique Grèce
79%
2018 Riga Lettonie
79%
1984 Zaventem and Ternat Belgique
78%
1976 Dartmouth Canada
78%
1989 Cinisello Balsamo Italie
78%
1983 Jeddah Arabie Saoudite
77%
2023 Bogotá Colombie
77%
2007 Bucarest Roumanie
77%
1977 Vösendorf Autriche
76%
2014 Gwangmyeong Corée du Sud
76%
2008 Ballymun Irlande
76%
2020 ______ Mexique
76%
1992 Bratislava Slovaquie
76%
2022 Santiago Chili
75%
1991 Belgrade Serbie
75%
2018 Hyderabad Inde
74%
2013 Doha Qatar
73%
2011 Bangkok Thaïlande
72%
2021 Ljubljana Slovénie
70%
1975 Artarmon Australie
67%
1991 Budějovická République Tchèque
65%
1994 Taipei Taïwan
61%
2014 Tangerang Indonésie
57%
2001 Netanya Israël
57%
2014 Amman Jordanie
50%
2022 Mascate Oman
45%
2010 Saint-Domingue République Dominicaine
45%
1978 Bukit Timah Singapour
39%
1996 Bandar Utama Malaisie
37%
2007 Strovolos Chypre
35%
2021 Pasay Philippines
34%
2018 Salmabad Bahreïn
27%
1984 ______ Koweït
22%
Aucun quiz correspondant
Distribution des résultats
% des personnes avec chaque résultat
Percentile par nombre de réponses
Votre historique - résultats
Vous n’avez pas pris ce quiz